|
|
|
|
| LEADER |
00000nab a2200000 a 4500 |
| 001 |
vtls009357643 |
| 003 |
SK-MaSNL |
| 005 |
20260304164059.0 |
| 008 |
250507c2008 xo |||||||||||000 b|slo |
| 015 |
|
|
|a SNBRB2008/11
|2 snkbucl
|
| 035 |
|
|
|a (uuid)6a2ab839-31d8-4b3c-b694-975e2f5ee258
|
| 035 |
|
|
|a urn:nbn:sk:snk-abc49d
|
| 035 |
|
|
|a (urnnbn)urn:nbn:sk:snk:ar-a09v7v
|
| 038 |
|
|
|a SNKBUCL
|
| 040 |
|
|
|a SNKBUCL
|b slo
|c SNKBUCL
|e AACR2
|
| 041 |
0 |
|
|a eng
|
| 044 |
|
|
|a xo
|c SK
|
| 080 |
|
|
|a 531:539.3:519.6
|2 2001
|
| 080 |
|
|
|a 62-428
|2 2001
|
| 080 |
|
|
|a 519.6
|2 2001
|
| 080 |
|
|
|a 624.072.04
|2 2001
|
| 080 |
|
|
|a 539.3
|2 2001
|
| 080 |
|
|
|a 624.04
|2 2001
|
| 245 |
0 |
0 |
|a An accurate two-node finite element for the pre-twisted beam modelling
|c Said Abid ... [et al.]
|
| 300 |
|
|
|b Grafy, sch., tab.
|
| 504 |
|
|
|a Bibliogr. odkazy
|
| 546 |
|
|
|a Res. angl.
|
| 650 |
0 |
7 |
|a nosné konštrukcie
|2 snkbucl
|9 67315
|
| 650 |
0 |
7 |
|a vinuté nosné konštrukcie
|2 snkbucl
|9 1492236
|
| 650 |
0 |
7 |
|a modelovanie
|2 snkbucl
|9 15732
|
| 650 |
0 |
7 |
|a kinematika
|2 snkbucl
|9 19598
|
| 650 |
0 |
7 |
|a metóda konečných prvkov
|2 snkbucl
|9 15028
|
| 650 |
0 |
7 |
|a numerická analýza
|2 snkbucl
|9 3946
|
| 700 |
1 |
|
|a Abid, Said
|4 aut
|9 1492237
|
| 700 |
1 |
|
|a Taktak, Mohamed
|4 aut
|9 1492238
|
| 700 |
1 |
|
|a Dammak, Fakhreddine
|4 aut
|9 1492239
|
| 700 |
1 |
|
|a Haddar, Mohamed
|4 aut
|9 1492240
|
| 773 |
0 |
|
|t Strojnícky časopis = Journal of mechanical engineering
|g Roč. 59, č. 3 (2008), s. 135-150
|x 0039-2472
|
| 850 |
|
|
|a Slovenská národná knižnica
|
| 852 |
|
|
|a Slovenská národná knižnica
|
| 958 |
|
|
|a article15
|
| 958 |
|
|
|a OND
|
| 958 |
|
|
|a NB
|
| 958 |
|
|
|a EUIPO
|
| 999 |
|
|
|c 2979608
|d 2981538
|